000 01535nam2a22003371 4500
001 v19\rc\1326560
005 20250618024601.0
035 _a(NLR Aleph) 004455160
090 _a4491811
_c4491811
100 _a20060512d1849 |||y0rusy50 ca
101 0 _arus
102 _aRU
105 _ay z |||||
200 0 _aс 14 ноября 1847 по 14 ноября 1848 года
_e(Читан 24 апр. 1849 г.)
210 _d1849
_aБ. м.
215 _a23 с.
461 0 _1001v19\rc\1326552
_12001#$aОтчет Императорского Одесского общества истории и древностей...$vс 14 ноября 1847 по 14 ноября 1848 года$90
_95323972
_aОдесское общество истории и древностей
_cОдесса
_d1841-1913
_nв Городской типографии
_tОтчет Императорского Одесского общества истории и древностей...
_vс 14 ноября 1847 по 14 ноября 1848 года$90
801 0 _aRU
_bNLR
_gpsbo
801 0 _aRU
_bRuMoRGB
_2psbo
801 1 _aRU
_bProSoft-M
_2rusmarc
852 _aNLR
_j18.40.5.20
899 _aНБ СПбГУ (1840-1913*)
899 _aГПИБ (1841-1913*)
899 _aНБ МГУ (1846-1913*)
899 _aБАН (1840-1913*)
899 _aRuMoRGB (1840-1912*)
_jW 294/1
899 _aRuMoRGB (1840-1912*)
_jG 92/31
899 _aRuMoRGB (1840-1912*)
_jB 5/102
899 _aRuMoRGB (1840-1912*)
_jПриплет к P 51/152
942 _cBOOK
980 _aNB